[Event "Tournoi International du Pays de Charleroi 2018"]
[Site "Roux, Belgium"]
[Date "2018.08.04"]
[Round "9.17"]
[White "Vanderwaeren, Serge"]
[Black "Vanden Bussche, Steven"]
[Result "0-1"]
[WhiteTitle "FM"]
[WhiteElo "2145"]
[BlackElo "2001"]

1. e4 {[%clk 01:30:03]} {[%emt 00:00:58]} c6 {[%clk 01:30:54]} {[%emt
00:00:07]} 2. d4 {[%clk 01:29:29]} {[%emt 00:01:02]} d5 {[%clk 01:31:18]}
{[%emt 00:00:07]} 3. e5 {[%clk 01:29:46]} {[%emt 00:00:12]} Bf5 {[%clk
01:31:40]} {[%emt 00:00:08]} 4. Ne2 {[%clk 01:30:09]} {[%emt 00:00:07]} e6
{[%clk 01:31:43]} {[%emt 00:00:30]} 5. Ng3 {[%clk 01:30:31]} {[%emt 00:00:07]}
Bg6 {[%clk 01:32:07]} {[%emt 00:00:05]} 6. c4 {[%clk 01:30:55]} {[%emt
00:00:05]} Ne7 {[%clk 01:31:04]} {[%emt 00:01:35]} 7. Nc3 {[%clk 01:25:54]}
{[%emt 00:05:30]} dxc4 {[%clk 01:28:43]} {[%emt 00:02:52]} 8. Bxc4 {[%clk
01:26:11]} {[%emt 00:00:13]} Nd7 {[%clk 01:29:05]} {[%emt 00:00:07]} 9. O-O
{[%clk 01:26:20]} {[%emt 00:00:21]} Nb6 {[%clk 01:29:20]} {[%emt 00:00:15]} 10.
Bb3 {[%clk 01:26:17]} {[%emt 00:00:33]} Ned5 {[%clk 01:28:41]} {[%emt
00:01:10]} 11. f4 {[%clk 01:25:55]} {[%emt 00:00:52]} Qd7 {[%clk 01:24:04]}
{[%emt 00:05:07]} 12. Nce4 {[%clk 01:24:10]} {[%emt 00:02:14]} Be7 {[%clk
01:21:21]} {[%emt 00:03:14]} 13. Nc5 {[%clk 01:24:11]} {[%emt 00:00:28]} Qc8
{[%clk 01:18:52]} {[%emt 00:03:00]} 14. Bd2 {[%clk 01:24:12]} {[%emt 00:00:26]}
f5 {[%clk 00:58:29]} {[%emt 00:20:56]} 15. Rc1 {[%clk 01:22:37]} {[%emt
00:02:04]} Kf7 {[%clk 00:51:52]} {[%emt 00:07:08]} 16. Qe1 {[%clk 01:22:37]}
{[%emt 00:00:29]} Nc7 {[%clk 00:35:08]} {[%emt 00:17:15]} 17. a4 {[%clk
01:20:21]} {[%emt 00:02:45]} Nbd5 {[%clk 00:34:44]} {[%emt 00:00:55]} 18. Bd1
{[%clk 01:19:00]} {[%emt 00:01:49]} b6 {[%clk 00:32:55]} {[%emt 00:02:22]} 19.
Nd3 {[%clk 01:19:06]} {[%emt 00:00:22]} Qd7 {[%clk 00:32:35]} {[%emt 00:00:51]}
20. b4 {[%clk 01:18:17]} {[%emt 00:01:18]} Na6 {[%clk 00:28:38]} {[%emt
00:04:29]} 21. Kh1 {[%clk 01:18:25]} {[%emt 00:00:22]} Rhc8 {[%clk 00:25:32]}
{[%emt 00:03:35]} 22. Bb3 {[%clk 01:17:21]} {[%emt 00:01:33]} Qe8 {[%clk
00:23:57]} {[%emt 00:02:06]} 23. Rc4 {[%clk 01:16:08]} {[%emt 00:01:41]} Qf8
{[%clk 00:22:14]} {[%emt 00:02:15]} 24. Qb1 {[%clk 01:12:45]} {[%emt 00:03:52]}
b5 {[%clk 00:20:38]} {[%emt 00:02:07]} 25. Rc2 {[%clk 01:07:39]} {[%emt
00:05:35]} bxa4 {[%clk 00:17:54]} {[%emt 00:03:16]} 26. Bxa4 {[%clk 01:06:26]}
{[%emt 00:01:42]} Naxb4 {[%clk 00:17:25]} {[%emt 00:00:59]} 27. Nxb4 {[%clk
01:06:34]} {[%emt 00:00:22]} Bxb4 {[%clk 00:15:44]} {[%emt 00:02:12]} 28. Bxb4
{[%clk 01:05:42]} {[%emt 00:01:21]} Nxb4 {[%clk 00:15:03]} {[%emt 00:01:11]} 29.
Rc4 {[%clk 01:05:41]} {[%emt 00:00:31]} a5 {[%clk 00:14:58]} {[%emt 00:00:36]}
30. Rfc1 {[%clk 01:05:49]} {[%emt 00:00:21]} Rab8 {[%clk 00:14:21]} {[%emt
00:01:08]} 31. Qa1 {[%clk 01:05:52]} {[%emt 00:00:26]} Rb6 {[%clk 00:13:02]}
{[%emt 00:01:50]} 32. Qa3 {[%clk 01:04:22]} {[%emt 00:01:59]} Kg8 {[%clk
00:11:33]} {[%emt 00:02:00]} 33. Ne2 {[%clk 01:01:59]} {[%emt 00:02:52]} Be8
{[%clk 00:11:22]} {[%emt 00:00:41]} 34. Bd1 {[%clk 01:00:32]} {[%emt 00:01:57]}
Ra8 {[%clk 00:09:29]} {[%emt 00:02:24]} 35. Rc5 {[%clk 01:00:35]} {[%emt
00:00:26]} Nd5 {[%clk 00:09:45]} {[%emt 00:00:15]} 36. Bb3 {[%clk 00:59:59]}
{[%emt 00:01:03]} Rb7 {[%clk 00:06:51]} {[%emt 00:03:26]} 37. g3 {[%clk
00:54:34]} {[%emt 00:05:55]} Rba7 {[%clk 00:05:30]} {[%emt 00:01:53]} 38. Nc3
{[%clk 00:53:51]} {[%emt 00:01:10]} Qe7 {[%clk 00:05:33]} {[%emt 00:00:29]} 39.
Na4 {[%clk 00:53:15]} {[%emt 00:01:06]} Rb8 {[%clk 00:04:16]} {[%emt 00:01:47]}
40. Bc4 {[%clk 00:51:58]} {[%emt 00:01:46]} Nb4 {[%clk 00:02:15]} {[%emt
00:02:32]} 41. Nc3 {[%clk 00:51:06]} {[%emt 00:01:21]} Rba8 {[%clk 00:01:02]}
{[%emt 00:01:44]} 42. Na4 {[%clk 00:49:02]} {[%emt 00:02:34]} Rb8 {[%clk
00:25:54]} {[%emt 00:05:38]} 43. Nb2 {[%clk 01:17:42]} {[%emt 00:01:50]} Nd5
{[%clk 00:25:46]} {[%emt 00:00:38]} 44. Ba2 {[%clk 01:17:31]} {[%emt 00:00:40]}
Nb6 {[%clk 00:21:50]} {[%emt 00:04:27]} 45. Qc3 {[%clk 01:16:26]} {[%emt
00:01:33]} a4 {[%clk 00:21:07]} {[%emt 00:01:15]} 46. Nd3 {[%clk 01:16:33]}
{[%emt 00:00:22]} a3 {[%clk 00:20:48]} {[%emt 00:00:50]} 47. Ra5 {[%clk
01:14:14]} {[%emt 00:02:48]} Nd5 {[%clk 00:18:51]} {[%emt 00:02:27]} 48. Rxa7
{[%clk 01:10:54]} {[%emt 00:03:50]} Qxa7 {[%clk 00:19:15]} {[%emt 00:00:07]} 49.
Qc5 {[%clk 01:10:11]} {[%emt 00:01:13]} Qxc5 {[%clk 00:17:23]} {[%emt
00:02:22]} 50. Rxc5 {[%clk 01:09:58]} {[%emt 00:00:41]} Ra8 {[%clk 00:12:50]}
{[%emt 00:05:05]} 51. Rc4 {[%clk 01:08:26]} {[%emt 00:02:01]} Kf7 {[%clk
00:11:22]} {[%emt 00:01:59]} 52. Kg1 {[%clk 01:06:06]} {[%emt 00:02:49]} Ke7
{[%clk 00:08:29]} {[%emt 00:03:23]} 53. Kf2 {[%clk 01:06:18]} {[%emt 00:00:18]}
Ra7 {[%clk 00:06:41]} {[%emt 00:02:19]} 54. Ke2 {[%clk 01:05:49]} {[%emt
00:00:57]} c5 {[%clk 00:06:03]} {[%emt 00:01:10]} 55. Rxc5 {[%clk 01:00:40]}
{[%emt 00:05:39]} Bb5 {[%clk 00:06:04]} {[%emt 00:00:29]} 56. Kd2 {[%clk
00:56:39]} {[%emt 00:04:31]} Bxd3 {[%clk 00:06:21]} {[%emt 00:00:13]} 57. Kxd3
{[%clk 00:56:17]} {[%emt 00:00:52]} Nb4+ {[%clk 00:06:46]} {[%emt 00:00:06]} 58.
Kc3 {[%clk 00:56:14]} {[%emt 00:00:30]} Nxa2+ {[%clk 00:07:11]} {[%emt
00:00:07]} 59. Kb3 {[%clk 00:56:34]} {[%emt 00:00:09]} Nb4 {[%clk 00:07:34]}
{[%emt 00:00:08]} 60. Rc1 {[%clk 00:56:43]} {[%emt 00:00:20]} a2 {[%clk
00:07:35]} {[%emt 00:00:30]} 61. Ra1 {[%clk 00:57:05]} {[%emt 00:00:08]} Nd5
{[%clk 00:07:37]} {[%emt 00:00:39]} 62. Rxa2 {[%clk 00:57:25]} {[%emt
00:00:10]} Rxa2 {[%clk 00:07:48]} {[%emt 00:00:19]} 63. Kxa2 {[%clk 00:57:50]}
{[%emt 00:00:05]} Ne3 {[%clk 00:08:15]} {[%emt 00:00:03]} 64. Kb3 {[%clk
00:58:08]} {[%emt 00:00:12]} Nf1 {[%clk 00:08:31]} {[%emt 00:00:14]} 65. Kc4
{[%clk 00:58:33]} {[%emt 00:00:05]} Nxh2 {[%clk 00:08:47]} {[%emt 00:00:15]} 66.
d5 {[%clk 00:58:59]} {[%emt 00:00:04]} Nf1 {[%clk 00:08:40]} {[%emt 00:00:37]}
67. d6+ {[%clk 00:59:04]} {[%emt 00:00:24]} Kd7 {[%clk 00:09:03]} {[%emt
00:00:08]} 68. g4 {[%clk 00:59:27]} {[%emt 00:00:06]} Ne3+ {[%clk 00:09:22]}
{[%emt 00:00:27]} 0-1

[Event "Tournoi International du Pays de Charleroi 2018"]
[Site "Roux, Belgium"]
[Date "2018.08.04"]
[Round "9.29"]
[White "De Herdt, Yasseen"]
[Black "Nair, Sanjeev"]
[Result "1/2-1/2"]
[WhiteElo "2146"]
[BlackElo "1942"]

1. Nf3 {[%clk 01:30:57]} {[%emt 00:00:02]} d5 {[%clk 01:26:06]} {[%emt
00:04:55]} 2. c4 {[%clk 01:30:24]} {[%emt 00:01:03]} c6 {[%clk 01:26:25]}
{[%emt 00:00:11]} 3. g3 {[%clk 01:30:34]} {[%emt 00:00:20]} Nf6 {[%clk
01:26:46]} {[%emt 00:00:09]} 4. Bg2 {[%clk 01:31:00]} {[%emt 00:00:04]} Bf5
{[%clk 01:27:05]} {[%emt 00:00:10]} 5. O-O {[%clk 01:28:48]} {[%emt 00:02:43]}
e6 {[%clk 01:20:50]} {[%emt 00:06:44]} 6. b3 {[%clk 01:27:45]} {[%emt
00:01:34]} Be7 {[%clk 01:20:47]} {[%emt 00:00:33]} 7. Bb2 {[%clk 01:28:12]}
{[%emt 00:00:02]} O-O {[%clk 01:20:59]} {[%emt 00:00:18]} 8. d3 {[%clk
01:28:23]} {[%emt 00:00:20]} h6 {[%clk 01:21:10]} {[%emt 00:00:19]} 9. Nc3
{[%clk 01:26:23]} {[%emt 00:02:29]} Nbd7 {[%clk 01:10:59]} {[%emt 00:10:41]} 10.
Re1 {[%clk 01:25:27]} {[%emt 00:01:26]} Bh7 {[%clk 01:09:40]} {[%emt 00:01:50]}
11. a3 {[%clk 01:12:47]} {[%emt 00:13:10]} a5 {[%clk 01:05:44]} {[%emt
00:04:25]} 12. Ra2 {[%clk 01:12:41]} {[%emt 00:00:37]} Nc5 {[%clk 00:53:00]}
{[%emt 00:13:14]} 13. d4 {[%emt 00:06:40]} Nce4 {[%clk 00:52:34]} 14. Nxe4
{[%clk 01:00:40]} {[%emt 00:07:15]} Nxe4 {[%clk 00:52:47]} {[%emt 00:00:17]} 15.
Nd2 {[%clk 01:00:58]} {[%emt 00:00:12]} Nxd2 {[%clk 00:51:34]} {[%emt
00:01:43]} 16. Qxd2 {[%clk 01:01:27]} {[%emt 00:00:01]} a4 {[%clk 00:51:52]}
{[%emt 00:00:13]} 17. b4 {[%clk 00:59:01]} {[%emt 00:02:56]} Bf6 {[%clk
00:42:33]} {[%emt 00:09:49]} 18. c5 {[%clk 00:57:37]} {[%emt 00:01:54]} Re8
{[%clk 00:40:41]} {[%emt 00:02:21]} 19. e3 {[%clk 00:57:07]} {[%emt 00:01:01]}
Qd7 {[%clk 00:35:21]} {[%emt 00:05:49]} 20. Bc3 {[%clk 00:55:59]} {[%emt
00:01:37]} h5 {[%clk 00:32:54]} {[%emt 00:02:57]} 21. Rb2 {[%clk 00:55:17]}
{[%emt 00:01:13]} h4 {[%clk 00:33:00]} {[%emt 00:00:24]} 22. b5 {[%clk
00:54:59]} {[%emt 00:00:48]} hxg3 {[%clk 00:27:59]} {[%emt 00:05:31]} 23. hxg3
{[%clk 00:55:24]} {[%emt 00:00:05]} e5 {[%clk 00:27:02]} {[%emt 00:01:27]} 24.
dxe5 {[%clk 00:54:17]} {[%emt 00:01:38]} Bxe5 {[%clk 00:27:09]} {[%emt
00:00:22]} 25. bxc6 {[%clk 00:48:40]} {[%emt 00:06:08]} bxc6 {[%clk 00:27:26]}
{[%emt 00:00:13]} 26. Rb4 {[%clk 00:46:55]} {[%emt 00:02:14]} Qe7 {[%clk
00:26:37]} {[%emt 00:01:19]} 27. Bxe5 {[%clk 00:42:56]} {[%emt 00:04:29]} Qxe5
{[%clk 00:27:06]} {[%emt 00:00:02]} 28. Re2 {[%clk 00:41:19]} {[%emt 00:02:07]}
Qa1+ {[%clk 00:26:18]} {[%emt 00:01:17]} 29. Re1 {[%clk 00:41:00]} {[%emt
00:00:50]} Qxa3 {[%clk 00:26:08]} {[%emt 00:00:40]} 30. Qd4 {[%clk 00:40:15]}
{[%emt 00:01:14]} Reb8 {[%clk 00:20:40]} {[%emt 00:05:58]} 31. Rxb8+ {[%clk
00:34:11]} {[%emt 00:06:34]} Rxb8 {[%clk 00:21:06]} {[%emt 00:00:05]} 32. e4
{[%clk 00:26:22]} {[%emt 00:08:18]} Bxe4 {[%clk 00:10:58]} {[%emt 00:10:38]} 33.
Bxe4 {[%clk 00:26:42]} {[%emt 00:00:10]} dxe4 {[%clk 00:11:24]} {[%emt
00:00:04]} 34. Rxe4 {[%clk 00:26:30]} {[%emt 00:00:42]} Qc1+ {[%clk 00:06:52]}
{[%emt 00:05:02]} 35. Kg2 {[%clk 00:26:09]} {[%emt 00:00:51]} a3 {[%clk
00:05:22]} {[%emt 00:02:01]} 36. Rg4 {[%clk 00:24:04]} {[%emt 00:02:34]} Qb2
{[%clk 00:01:16]} {[%emt 00:04:36]} 37. Rxg7+ {[%emt 00:00:05]} Kf8 38. Rxf7+
{[%clk 00:23:22]} {[%emt 00:01:36]} Kxf7 {[%clk 00:02:03]} {[%emt 00:00:13]} 39.
Qd7+ {[%clk 00:23:31]} {[%emt 00:00:21]} Kg8 {[%clk 00:01:47]} {[%emt
00:00:46]} 40. Qe6+ {[%clk 00:23:55]} {[%emt 00:00:06]} Kg7 {[%clk 00:01:08]}
{[%emt 00:01:08]} 41. Qd7+ {[%clk 00:22:48]} {[%emt 00:01:38]} Kg6 {[%clk
00:29:13]} {[%emt 00:02:26]} 42. Qg4+ {[%clk 00:52:52]} {[%emt 00:00:25]} Kf6
{[%clk 00:29:20]} {[%emt 00:00:22]} 43. Qf4+ {[%clk 00:53:05]} {[%emt
00:00:17]} Ke6 {[%clk 00:24:51]} {[%emt 00:05:00]} 44. Qd6+ {[%clk 00:53:05]}
{[%emt 00:00:29]} Kf7 {[%clk 00:25:06]} {[%emt 00:00:16]} 45. Qd7+ {[%clk
00:53:18]} {[%emt 00:00:17]} Kf8 {[%clk 00:23:28]} {[%emt 00:02:07]} 46. Qd6+
{[%clk 00:52:00]} {[%emt 00:01:50]} Kg8 {[%clk 00:23:46]} {[%emt 00:00:11]} 47.
Qe6+ {[%clk 00:52:05]} {[%emt 00:00:25]} Kh7 {[%clk 00:23:28]} {[%emt
00:00:48]} 48. Qh3 {[%clk 00:51:34]} {[%emt 00:01:00]} Kg7 {[%clk 00:22:45]}
{[%emt 00:01:13]} 49. Qd7+ {[%clk 00:51:26]} {[%emt 00:00:31]} Kf6 {[%clk
00:22:46]} {[%emt 00:00:37]} 50. Qd6+ {[%clk 00:51:07]} {[%emt 00:00:49]} Kf5
{[%clk 00:22:05]} {[%emt 00:01:10]} 51. Qf4+ {[%clk 00:51:00]} {[%emt
00:00:37]} Kg6 {[%clk 00:22:30]} {[%emt 00:00:06]} 52. Qg4+ {[%clk 00:50:52]}
{[%emt 00:00:37]} Kh7 {[%clk 00:22:52]} {[%emt 00:00:09]} 53. Qh3 {[%clk
00:51:03]} {[%emt 00:00:18]} Kg8 {[%emt 00:07:14]} 1/2-1/2

[Event "Tournoi International du Pays de Charleroi 2018"]
[Site "Roux, Belgium"]
[Date "2018.08.04"]
[Round "9.8"]
[White "Goossens, Hanne"]
[Black "Kukov, Velislav"]
[Result "1/2-1/2"]
[WhiteTitle "WFM"]
[BlackTitle "IM"]
[WhiteElo "2204"]
[BlackElo "2382"]

1. e4 {[%clk 01:30:57]} {[%emt 00:00:01]} c6 {[%clk 01:30:38]} {[%emt
00:00:22]} 2. d4 {[%clk 01:31:22]} {[%emt 00:00:06]} d5 {[%clk 01:31:05]}
{[%emt 00:00:03]} 3. e5 {[%clk 01:31:46]} {[%emt 00:00:06]} Bf5 {[%clk
01:31:19]} {[%emt 00:00:15]} 4. h4 {[%clk 01:31:48]} {[%emt 00:00:28]} h5
{[%clk 01:31:02]} {[%emt 00:00:47]} 5. Bd3 {[%clk 01:31:58]} {[%emt 00:00:19]}
Bxd3 {[%clk 01:31:07]} {[%emt 00:00:25]} 6. Qxd3 {[%clk 01:32:20]} {[%emt
00:00:10]} e6 {[%clk 01:31:21]} {[%emt 00:00:15]} 7. Bg5 {[%clk 01:32:26]}
{[%emt 00:00:23]} Qb6 {[%clk 01:30:34]} {[%emt 00:01:17]} 8. Nd2 {[%clk
01:31:52]} {[%emt 00:01:04]} c5 {[%clk 01:29:30]} {[%emt 00:01:35]} 9. c4
{[%clk 01:29:48]} {[%emt 00:02:33]} Ne7 {[%clk 01:25:35]} {[%emt 00:04:25]} 10.
Ngf3 {[%clk 01:28:53]} {[%emt 00:01:26]} Nbc6 {[%clk 01:24:35]} {[%emt
00:01:30]} 11. O-O {[%clk 01:26:37]} {[%emt 00:02:45]} cxd4 {[%clk 01:12:35]}
{[%emt 00:12:31]} 12. a3 {[%clk 01:21:13]} {[%emt 00:05:54]} Qc7 {[%clk
01:01:01]} {[%emt 00:12:03]} 13. Rfe1 {[%clk 01:02:14]} {[%emt 00:19:29]} dxc4
{[%clk 00:58:17]} {[%emt 00:03:15]} 14. Nxc4 {[%clk 01:02:13]} {[%emt
00:00:30]} Nf5 {[%clk 00:58:22]} {[%emt 00:00:25]} 15. b4 {[%clk 00:59:17]}
{[%emt 00:03:27]} a6 {[%clk 00:54:24]} {[%emt 00:04:28]} 16. Rac1 {[%clk
00:55:41]} {[%emt 00:04:05]} Be7 {[%clk 00:53:05]} {[%emt 00:01:49]} 17. Bxe7
{[%clk 00:53:52]} {[%emt 00:02:19]} Qxe7 {[%clk 00:48:16]} {[%emt 00:05:19]} 18.
Qe4 {[%clk 00:51:13]} {[%emt 00:03:07]} Rd8 {[%clk 00:42:50]} {[%emt 00:05:58]}
19. Red1 {[%clk 00:44:49]} {[%emt 00:06:54]} O-O {[%clk 00:36:50]} {[%emt
00:06:30]} 20. Ng5 {[%clk 00:43:41]} {[%emt 00:01:38]} g6 {[%clk 00:34:52]}
{[%emt 00:02:28]} 21. Rd3 {[%clk 00:38:32]} {[%emt 00:05:37]} Na7 {[%clk
00:19:15]} {[%emt 00:16:09]} 22. Qf4 {[%clk 00:30:28]} {[%emt 00:08:34]} Nb5
{[%clk 00:14:04]} {[%emt 00:05:41]} 23. Nd2 {[%clk 00:26:11]} {[%emt 00:04:47]}
Nc3 {[%clk 00:13:17]} {[%emt 00:01:17]} 24. Re1 {[%clk 00:26:10]} {[%emt
00:00:31]} Kg7 {[%clk 00:11:38]} {[%emt 00:02:09]} 25. Ndf3 {[%clk 00:23:14]}
{[%emt 00:03:25]} Nd5 {[%clk 00:06:31]} {[%emt 00:05:38]} 26. Qe4 {[%clk
00:21:20]} {[%emt 00:02:24]} Nc3 {[%clk 00:06:45]} {[%emt 00:00:16]} 27. Qf4
{[%clk 00:21:30]} {[%emt 00:00:20]} a5 {[%clk 00:03:38]} {[%emt 00:03:37]} 28.
Nxd4 {[%clk 00:18:39]} {[%emt 00:03:20]} axb4 {[%clk 00:03:48]} {[%emt
00:00:21]} 29. axb4 {[%clk 00:12:55]} {[%emt 00:06:14]} Nd5 {[%clk 00:03:07]}
{[%emt 00:01:11]} 30. Nxf5+ {[%clk 00:11:51]} {[%emt 00:01:34]} exf5 {[%clk
00:03:33]} {[%emt 00:00:04]} 31. Qf3 {[%clk 00:09:24]} {[%emt 00:02:56]} Nxb4
{[%clk 00:02:24]} {[%emt 00:01:40]} 32. Rxd8 {[%clk 00:09:03]} {[%emt
00:00:51]} Rxd8 {[%clk 00:02:40]} {[%emt 00:00:14]} 33. e6 {[%clk 00:08:55]}
{[%emt 00:00:38]} Nd3 {[%clk 00:01:06]} {[%emt 00:02:05]} 34. Re3 {[%clk
00:08:08]} {[%emt 00:01:16]} f6 {[%clk 00:01:10]} {[%emt 00:00:25]} 35. Rxd3
{[%clk 00:06:29]} {[%emt 00:02:10]} Rxd3 {[%clk 00:01:02]} {[%emt 00:00:38]} 36.
Qxd3 {[%clk 00:06:53]} {[%emt 00:00:07]} fxg5 {[%clk 00:01:25]} {[%emt
00:00:06]} 37. Qd4+ {[%clk 00:02:06]} {[%emt 00:05:17]} Kg8 {[%clk 00:01:53]}
{[%emt 00:00:02]} 38. Qd7 {[%clk 00:01:37]} {[%emt 00:00:59]} Kf8 {[%clk
00:02:06]} {[%emt 00:00:17]} 39. Qc8+ {[%clk 00:01:55]} {[%emt 00:00:11]} Qe8
{[%clk 00:01:15]} {[%emt 00:01:22]} 40. Qc5+ {[%clk 00:02:08]} {[%emt
00:00:17]} Kg8 {[%clk 00:01:29]} {[%emt 00:00:15]} 41. Qe5 {[%clk 00:23:15]}
{[%emt 00:09:23]} gxh4 {[%clk 00:30:42]} {[%emt 00:01:18]} 42. Qf6 {[%clk
00:23:17]} {[%emt 00:00:27]} b5 {[%clk 00:29:00]} {[%emt 00:02:13]} 43. e7
{[%clk 00:18:36]} {[%emt 00:05:12]} b4 {[%clk 00:25:32]} {[%emt 00:03:57]} 44.
Qxh4 {[%clk 00:18:26]} {[%emt 00:00:40]} b3 {[%clk 00:25:30]} {[%emt 00:00:32]}
45. Qc4+ {[%clk 00:18:27]} {[%emt 00:00:29]} Kg7 {[%clk 00:25:50]} {[%emt
00:00:09]} 46. Qc3+ {[%clk 00:18:22]} {[%emt 00:00:36]} Kh7 {[%clk 00:24:39]}
{[%emt 00:01:41]} 47. Qxb3 {[%clk 00:18:02]} {[%emt 00:00:50]} Qxe7 {[%clk
00:25:07]} {[%emt 00:00:02]} 48. Qc3 {[%clk 00:17:38]} {[%emt 00:00:54]} Qg7
{[%clk 00:25:17]} {[%emt 00:00:20]} 49. Qc5 {[%clk 00:17:11]} {[%emt 00:00:56]}
Qf6 {[%clk 00:25:05]} {[%emt 00:00:41]} 50. Qa7 {[%clk 00:16:48]} {[%emt
00:00:55]} Kh6 {[%clk 00:25:22]} {[%emt 00:00:12]} 51. Qc5 {[%clk 00:16:12]}
{[%emt 00:01:06]} g5 {[%clk 00:23:07]} {[%emt 00:02:46]} 52. Qd5 {[%clk
00:14:10]} {[%emt 00:02:31]} h4 {[%clk 00:22:04]} {[%emt 00:01:33]} 53. g3
{[%clk 00:10:24]} {[%emt 00:04:17]} hxg3 {[%clk 00:19:15]} {[%emt 00:03:18]} 54.
fxg3 {[%clk 00:10:10]} {[%emt 00:00:44]} Qa1+ {[%clk 00:19:38]} {[%emt
00:00:07]} 55. Kh2 {[%clk 00:10:03]} {[%emt 00:00:38]} Qb2 {[%clk 00:20:03]}
{[%emt 00:00:06]} 56. Kg1 {[%clk 00:10:17]} {[%emt 00:00:12]} Qb1+ {[%clk
00:20:02]} {[%emt 00:00:34]} 57. Kh2 {[%clk 00:09:36]} {[%emt 00:01:11]} Qc2
{[%clk 00:11:15]} {[%emt 00:09:17]} 58. Kg1 {[%clk 00:09:15]} {[%emt 00:00:50]}
Qe4 {[%clk 00:11:24]} {[%emt 00:00:22]} 59. Qd6 {[%clk 00:07:43]} {[%emt
00:02:02]} Kh5 {[%clk 00:11:45]} {[%emt 00:00:08]} 60. Qd1 {[%clk 00:07:58]}
{[%emt 00:00:15]} Qg4 {[%clk 00:11:29]} {[%emt 00:00:46]} 61. Qd3 {[%clk
00:08:11]} {[%emt 00:00:18]} Qe4 {[%clk 00:08:42]} {[%emt 00:03:17]} 62. Qd1
{[%clk 00:08:35]} {[%emt 00:00:06]} Kg6 {[%clk 00:06:19]} {[%emt 00:02:53]} 63.
Qd6+ {[%clk 00:08:55]} {[%emt 00:00:09]} Kf7 {[%clk 00:06:29]} {[%emt
00:00:20]} 64. Qd7+ {[%clk 00:07:54]} {[%emt 00:01:32]} Kf6 {[%clk 00:06:41]}
{[%emt 00:00:17]} 65. Qd8+ {[%clk 00:07:47]} {[%emt 00:00:38]} Qe7 {[%clk
00:06:55]} {[%emt 00:00:15]} 66. Qb6+ {[%clk 00:07:10]} {[%emt 00:01:07]} Kf7
{[%clk 00:06:55]} {[%emt 00:00:30]} 67. Qa5 {[%clk 00:05:08]} {[%emt 00:02:32]}
Qe3+ {[%clk 00:07:12]} {[%emt 00:00:14]} 68. Kg2 {[%clk 00:05:31]} {[%emt
00:00:06]} Qe4+ {[%clk 00:06:53]} {[%emt 00:00:49]} 69. Kg1 {[%clk 00:05:48]}
{[%emt 00:00:11]} Kg6 {[%clk 00:06:18]} {[%emt 00:01:07]} 70. Qc3 {[%clk
00:03:25]} {[%emt 00:02:53]} Kh5 {[%clk 00:06:02]} {[%emt 00:00:46]} 71. Qd2
{[%clk 00:03:13]} {[%emt 00:00:42]} Qf3 {[%clk 00:05:30]} {[%emt 00:01:02]} 72.
Kh2 {[%clk 00:03:25]} {[%emt 00:00:18]} Qf1 {[%clk 00:05:32]} {[%emt 00:00:29]}
73. Qe3 {[%clk 00:03:25]} {[%emt 00:00:29]} Qd1 {[%clk 00:05:00]} {[%emt
00:01:02]} 74. Qf2 {[%clk 00:03:23]} {[%emt 00:00:32]} Kg4 {[%clk 00:04:05]}
{[%emt 00:01:25]} 75. Qg2 {[%clk 00:03:45]} {[%emt 00:00:09]} Kh5 {[%clk
00:02:57]} {[%emt 00:01:37]} 76. Qf2 {[%clk 00:03:30]} {[%emt 00:00:45]} Qd3
{[%clk 00:03:14]} {[%emt 00:00:14]} 77. Qg2 {[%clk 00:03:24]} {[%emt 00:00:36]}
Qe3 {[%clk 00:01:16]} {[%emt 00:02:28]} 78. Qh3 {[%clk 00:03:43]} {[%emt
00:00:11]} Kg6 {[%clk 00:01:44]} {[%emt 00:00:02]} 79. Qg2 {[%clk 00:04:02]}
{[%emt 00:00:10]} Qd3 {[%clk 00:00:53]} {[%emt 00:01:21]} 80. Qc6+ {[%clk
00:03:35]} {[%emt 00:00:58]} Kf7 {[%clk 00:00:51]} {[%emt 00:00:32]} 81. Qc7+
{[%clk 00:03:19]} {[%emt 00:00:45]} Ke6 {[%clk 00:01:10]} {[%emt 00:00:11]} 82.
Qc8+ {[%clk 00:03:24]} {[%emt 00:00:26]} Kf7 {[%clk 00:00:38]} {[%emt
00:01:01]} 83. Qc7+ {[%clk 00:03:45]} {[%emt 00:00:10]} Kg6 {[%clk 00:00:49]}
{[%emt 00:00:19]} 84. Qc6+ {[%clk 00:04:10]} {[%emt 00:00:05]} Kh5 {[%clk
00:01:03]} {[%emt 00:00:16]} 85. Qg2 {[%clk 00:04:09]} {[%emt 00:03:41]} g4
{[%clk 00:03:08]} {[%emt 00:00:24]} 86. Qf2 {[%clk 00:04:02]} {[%emt 00:00:37]}
Kg6 {[%clk 00:01:59]} {[%emt 00:01:39]} 87. Qb2 {[%clk 00:03:03]} {[%emt
00:01:28]} Qe3 {[%clk 00:01:22]} {[%emt 00:01:08]} 88. Qc2 {[%clk 00:03:03]}
{[%emt 00:00:30]} Kf6 {[%clk 00:00:50]} {[%emt 00:01:03]} 89. Qb2+ {[%clk
00:02:59]} {[%emt 00:00:34]} Ke6 {[%clk 00:01:00]} {[%emt 00:00:19]} 90. Qc2
{[%clk 00:03:07]} {[%emt 00:00:23]} Ke5 {[%clk 00:00:44]} {[%emt 00:00:46]} 91.
Qc7+ {[%clk 00:03:15]} {[%emt 00:00:22]} Ke4 {[%clk 00:00:42]} {[%emt
00:00:32]} 92. Qc6+ {[%clk 00:03:35]} {[%emt 00:00:10]} Kd3 {[%clk 00:00:43]}
{[%emt 00:00:29]} 93. Qb5+ {[%clk 00:03:35]} {[%emt 00:00:30]} Kd2 {[%clk
00:00:40]} {[%emt 00:00:33]} 94. Qxf5 {[%clk 00:03:03]} {[%emt 00:01:02]} Qe2
{[%clk 00:00:42]} {[%emt 00:00:29]} 95. Kg1 {[%clk 00:03:16]} {[%emt 00:00:16]}
Qe1+ {[%clk 00:00:43]} {[%emt 00:00:29]} 96. Kg2 {[%clk 00:03:36]} {[%emt
00:00:09]} Qe2 {[%clk 00:00:56]} {[%emt 00:00:18]} 97. Kg1 {[%clk 00:04:01]}
{[%emt 00:00:04]} Ke1 {[%clk 00:00:41]} {[%emt 00:00:45]} 98. Qa5+ {[%clk
00:04:04]} {[%emt 00:00:27]} Qd2 {[%clk 00:00:34]} {[%emt 00:00:38]} 99. Qe5+
{[%clk 00:04:22]} {[%emt 00:00:10]} Qe2 {[%clk 00:01:01]} {[%emt 00:00:04]} 100.
Qc3+ {[%clk 00:04:05]} {[%emt 00:00:47]} Qd2 {[%clk 00:00:52]} {[%emt
00:00:39]} 1/2-1/2